| 000 | 00509nam a22001577a 4500 | ||
|---|---|---|---|
| 003 | OSt | ||
| 008 | 230509b |||||||| |||| 00| 0 eng d | ||
| 041 | _aMAL | ||
| 082 |
_a910 _bBAL/TH |
||
| 100 |
_aBalakrishnan, C.V _aബാലകൃഷ്ണൻ സി.വി _95443 |
||
| 245 | _aതന്നത്താൻ നഷ്ടപ്പെട്ടും പിന്നെത്താൻ കണ്ടെത്തിയും | ||
| 250 | _a3 | ||
| 260 |
_akOTTAYAM _bDCBOOKS _c2022 |
||
| 300 | _a152 | ||
| 942 | _cBK | ||
| 999 |
_c17679 _d17679 |
||